000 00449nam a2200181Ia 4500
005 20250326142053.0
008 250326s9999 xx 000 0 und d
037 _aTextbook
040 _aFMSL
_beng
_cFMSL
041 _aeng
_2eng
084 _qFMSL
100 _aCowell D
_9745518
245 0 _aMarketing of Services
_cCowell D
260 _aLondon
_bLondon, Heinemann
_c1984
300 _a352p
942 _cTB
999 _c1293298
_d1293298